01764 2200229 4500001002100000005001500021035002000036245008600056100002000142300004900162700002800211260003000239082000800269084001400277020002200291650001400313520110900327008004101436990001901477990001901496990001901515INLIS00000000001492220251029013041 a0010-10250000621 aStreet photography :bjurus sakti fotografi jalanan terlengkap /cAsdani Kindarto0 aAsdani Kindarto aviii, 124 hlm.: 23 cm. :bIlustrasi berwarna0 aDwi Prabantini (editor) aYogyakarta :bAndi,c2016 a770 a770 ASD s a978-979-29-5890-4 aFotografi aKamera digital yang semakin murah, praktis, dan kaya akan fitur, begitu menarik perhatian berbagai kalangan. Mulai dari peminat fotografi baru hingga para fotografer profesional. Hal ini ditambah dengan beragamnya media penyimpan atau galeri gratis di internet yang dapat dimanfaatkan untuk memamerkan hasil jepretan foto, seperti Facebook, Flickr, Instagram, yang membuat para pemotret menjadi bersemangat untuk memotret dan memublikasikan setiap karya fotonya melalui galeri online tersebut. Street photography sendiri adalah salah satu genre atau aliran dalam fotografi yang mengabadikan kondisi di sekitar kita, baik itu objek benda hidup atau benda mati. Biasanya street photography lebih merujuk pada suatu foto yang diambil secara candid, serta-merta, atau alami tanpa rekayasa. Melalui buku ini, Anda memiliki referensi yang komprehensif dan padat mengenai hakikat street photography. Anda akan menguasai teknik-teknik yang biasa digunakan, bagaimana mengelola pencahayaan sekaligus mengakali keterbatasan kamera, objek yang tidak mau dipotret, gangguan alam saat memotret, dan banyak lagi.251029 d 0 ind  a025.4417/PC/25 a025.4418/PC/25 a025.4419/PC/25